USA Soccer / Football Squad FIFA WC/WM 1994 - Statistics

General Stats
  • This quiz has been taken 57 times
  • The average score is 8 of 22
Answer Stats
No. Pos. Name % Correct
22 DF Alexi Lalas
90%
13 MF Cobi Jones
83%
1 GK Tony Meola
83%
11 FW Eric Wynalda
76%
6 MF John Harkes
52%
9 MF Tab Ramos
48%
8 FW Earnie Stewart
41%
17 DF Marcelo Balboa
41%
19 MF Claudio Reyna
38%
18 GK Brad Friedel
34%
5 DF Thomas Dooley
34%
15 FW Joe-Max Moore
28%
10 FW Roy Wegerle
28%
21 DF Fernando Clavijo
17%
20 DF Paul Caligiuri
17%
7 MF Hugo Perez
14%
16 MF Mike Sorber
14%
4 DF Cle Kooiman
10%
12 GK Juergen Sommer
10%
3 DF Mike Burns
10%
2 DF Mike Lapper
3%
14 FW Frank Klopas
0%
No matching quizzes found
Score Distribution
Percent of People with Each Score
Percentile by Number Answered
Your Score History
You have not taken this quiz